Panorama Sindical / Centro de Estudios para la Acción Social
Tallennettuna:
| Yhteisötekijä: | |
|---|---|
| Aineistotyyppi: | Kirja |
| Kieli: | Spanish |
| Julkaistu: |
San José, Costa Rica:
CEPAS,
1987-
|
| Aiheet: | |
| Tagit: |
Lisää tagi
Ei tageja, Lisää ensimmäinen tagi!
|
MARC
| LEADER | 00000nam a22000007a 4500 | ||
|---|---|---|---|
| 003 | cru CIDCACS/IIS | ||
| 005 | 20200326120606.0 | ||
| 007 | ta | ||
| 008 | 190924b ||||| |||| 00| 0 spa d | ||
| 999 | |c 42390 |d 42390 | ||
| 040 | |c cru CIDCACS/IIS | ||
| 090 | |a REV0742 | ||
| 110 | 2 | |9 3252 |a Centro de Estudios para la Acción Social | |
| 245 | 1 | |a Panorama Sindical / |b Centro de Estudios para la Acción Social | |
| 260 | |a San José, Costa Rica: |b CEPAS, |c 1987- | ||
| 270 | |e Apdo. 131-1001 | ||
| 500 | |a EXISTENCIAS : 1987 (1, 6-8) 1988 (11, 13-14) 1989 (15-16) | ||
| 650 | 0 | |9 2228 |a SINDICALISMO | |
| 650 | 0 | |9 83 |a DEMOCRACIA | |
| 650 | 4 | |9 3253 |a POLITICA GUBERNAMENTAL | |
| 650 | 0 | |9 2520 |a CRISIS | |
| 651 | 0 | |9 32 |a COSTA RICA | |
| 942 | |2 ddc |c PP | ||
